Fundamentos do Direito Privado uma Teoria da Justiȧ e da Dignidade Humana /

Detalles Bibliográficos
Autor principal: De Freitas Valle Dresch, Rafael
Formato: eBook
Lenguaje:portugués
Publicado: Rio de Janeiro: Editora Processo, 2019
Edición:2da. Edicin̤
Materias:
Acceso en línea:Acceso restringido

MARC

LEADER 00000nam a22000007a 4500
005 20220812014214.0
007 cr|||| ||||
008 220812s2019 br |||||s|||| 00||0 por d
020 |a 978-85-93741-37-1 
035 |a 36816 
040 |a vLex 
090 |c 13690  |d 13690 
100 1 |a De Freitas Valle Dresch, Rafael 
245 1 0 |a Fundamentos do Direito Privado  |h [Recurso electrn̤ico] :  |b uma Teoria da Justiȧ e da Dignidade Humana /  |c Rafael De Freitas Valle Dresch 
250 |a 2da. Edicin̤ 
256 |a Servicio en ln̕ea 
260 |a Rio de Janeiro:  |b Editora Processo,  |c 2019 
300 |a 1 recurso electrn̤ico 
500 |a O livro analisa a diversidade de fundamentos do direito privado, defendendo a viabilidade de compatibilizaȯ̂ da justiȧ comutativa e da justiȧ distributiva como formas de compreensô das bases dos institutos jurd̕icos privatistas. O estudo avalia as teorias dominantes formalistas, funcionalistas sociais e funcionalistas econm̥icas do direito privado e detecta um elemento compartilhado por todas: a teoria da justiȧ. O problema central identificado - que determina o atual conflito ter̤ico - decorre da perda gradativa da relaȯ̂ do direito com a teoria da justiȧ cls̀sica, aristotľico-tomista, operada paulatinamente a partir da Escola Moderna do Direito Natural. A crescente desconexô entre justiȧ e direito determinou a erradicaȯ̂ do sentido essencial da justiȧ geral das anl̀ises jusprivatistas. A hipt̤ese central apresentada para a superaȯ̂ desse problema entende que o resgate da justiȧ geral, transformada em justiȧ social na modernidade pela nova ordem centrada na igual dignidade humana, consubstanciada atravš da garantia das capacidades humanas bs̀icas atravš de direitos fundamentais, permite compreender que o direito privado ̌caracterizado por relaė̳s horizontais de direitos e deveres entre particulares que sô racionalmente entendidos nos termos da justiȧ particular (comutativa e distributiva) ordenada pela justiȧ social da igual dignidade e reconhecimento e institucionalizada a partir da Constituiȯ̂ e dos direitos fundamentais. A obra ̌aplicada aos estudos acadm̊icos e profissionais, em nv̕el de graduaȯ̂ e ps̤-graduaȯ̂, interessados na investigaȯ̂ do direito privado e de seus diversos institutos, tais como, os contratos, a responsabilidade civil, a faml̕ia, a sucessô, a empresa, as sociedades, as faln̊cias e recuperaė̳s empresariais, as relaė̳s de consumo e de trabalho, a propriedade intelectual, entre outros. 
506 1 |a Disponible solo en los productos indicados  |d vLex Global  |d vLex Global (Academic Edition, excluding Law Schools)  |d vLex Global (U.S. Academic Edition, Law Schools)  |d vLex Global (U.S. Academic Edition, excluding Law Schools)  |d vLex Global (Academic Edition, Law Schools) 
650 0 4 |a Derecho Civil  |z Brasil 
740 0 |a vLex Libros (Servicio en ln̕ea) 
856 4 0 |u https://app.vlex.com/#/sources/36816  |z Acceso restringido 
942 |c BOOK 
999 0 |a Civil Law